=LDR 00000nam 2200000 4500 =001 INLIS000000000052538 =005 20180214125427 =035 ##$$a 0010-0218000234 =007 ta =008 180214###########################0###### =020 ##$$a 978-979-074-542-1 =082 ##$$a R.590 3 =084 ##$$a R.590 3 EMI e =100 #$$a Emilie Beaumont =245 1#$$a Ensiklopedia Junior Hewan Pemecah Rekor /$c Emilie Beaumont =250 ##$$a cet.2 =260 ##$$a Jakarta :$b Bhuana Ilmu Populer,$c 2012 =300 ##$$a 124 hlm. : $b ilus, ; $c 23 cm. =500 ##$$a Judul Asli : Limageria des record Dunimaux =650 ##$$a Hewan - Ensiklopedia =990 ##$$a 38423842 =990 ##$$a 38423842 =990 ##$$a 38423842 =990 ##$$a 38423842 =990 ##$$a 38423842 =990 ##$$a 21708461 =990 ##$$a 01201803842 =990 ##$$a 01201803843 =990 ##$$a 01201803844 =990 ##$$a 01201803845 =990 ##$$a 21708462 =990 ##$$a 01201803842 =990 ##$$a 01201803843 =990 ##$$a 01201803844 =990 ##$$a 21708461 =990 ##$$a 21708463 =990 ##$$a 01201803842 =990 ##$$a 01201803843 =990 ##$$a 21708462 =990 ##$$a 21708461 =990 ##$$a 21708464 =990 ##$$a 01201803842 =990 ##$$a 21708463 =990 ##$$a 21708462 =990 ##$$a 21708461 =990 ##$$a 21708465 =990 ##$$a 21708464 =990 ##$$a 21708463 =990 ##$$a 21708462 =990 ##$$a 21708461